[Event "Deutsche Ländermeisterschaft 2012"]
[Site "Hannover GER"]
[Date "2012.10.02"]
[Round "6"]
[White "Müller, Sophie"]
[Black "Schamber, Dennis"]
[Result "0-1"]
[Termination "normal"]
[Board "8.7"]
[WhiteTitle "12w"]
[BlackTitle "12"]
[WhiteElo "1435"]
[BlackElo "1548"]
[WhiteTeam "Saarland"]
[BlackTeam "Mecklenburg-Vorpommern"]
[PlyCount "138"]
[WhiteFideId "12926698"]
[BlackFideId "12952176"]
[EventCountry "GER"]
[EventRounds "7"]
[EventType "team-swiss"]
[EventDate "2012.09.28"]

1. c4 e5 2. Nc3 Nc6 3. d3 g6 4. Nf3 Bg7 5. g3 f5 6. Bg2 Nf6 7. Qc2 d6 8. O-O
Be6 9. a3 O-O 10. Rb1 h6 11. b4 g5 12. e3 Nh5 13. b5 Ne7 14. Nd2 Rb8 15. Bb2 f4
16. Rbe1 Qd7 17. exf4 gxf4 18. Qd1 Bg4 19. Bf3 Bxf3 20. Qxf3 Rf5 21. Qe2 Rbf8
22. Nf3 Nf6 23. Nh4 Rg5 24. Ne4 Nxe4 25. Qxe4 fxg3 26. fxg3 Rxf1+ 27. Rxf1 d5
28. Qf3 Ng6 29. Nxg6 Rxg6 30. Qxd5+ Qxd5 31. cxd5 Rd6 32. Rc1 Rxd5 33. Rxc7
Rxb5 34. Rc2 Rd5 35. Rc3 Rb5 36. Rc2 a5 37. Kg2 Kf7 38. Kf3 Kf6 39. d4 Kf5 40.
dxe5 Bxe5 41. Bxe5 Rxe5 42. Rc7 Rb5 43. Rc3 a4 44. g4+ Kg5 45. Ke2 Rb2+ 46. Kd3
Rb3 47. Kc2 Rxc3+ 48. Kxc3 Kxg4 49. Kb4 Kh3 50. Kxa4 Kxh2 51. Kb5 Kg3 52. a4 h5
53. a5 h4 54. Kb6 h3 55. Kxb7 h2 56. a6 h1=Q+ 57. Kb8 Qb1+ 58. Ka8 Qe4+ 59. Kb8
Qe5+ 60. Kb7 Qb5+ 61. Ka7 Kf4 62. Ka8 Qxa6+ 63. Kb8 Qd6+ 64. Kc8 Qe7 65. Kb8
Qd7 66. Ka8 Ke5 67. Kb8 Kd6 68. Ka8 Kc6 69. Kb8 Qb7# 0-1

[Event "Deutsche Ländermeisterschaft 2012"]
[Site "Hannover GER"]
[Date "2012.10.02"]
[Round "6"]
[White "Sadewasser, Lucie"]
[Black "Zimmer, Luca"]
[Result "1-0"]
[Termination "normal"]
[Board "8.8"]
[WhiteTitle "12w"]
[BlackTitle "12"]
[WhiteElo "1341"]
[BlackElo "1035"]
[WhiteTeam "Mecklenburg-Vorpommern"]
[BlackTeam "Saarland"]
[PlyCount "81"]
[WhiteFideId "12905445"]
[BlackFideId "12921424"]
[EventCountry "GER"]
[EventRounds "7"]
[EventType "team-swiss"]
[EventDate "2012.09.28"]

1. e4 e6 2. d4 d5 3. exd5 exd5 4. Bd3 Bd6 5. Qf3 Ne7 6. Ne2 Nbc6 7. Nbc3 Be6 8.
Bg5 Qd7 9. h3 f6 10. Bf4 O-O-O 11. a3 Rdf8 12. Bxd6 Qxd6 13. Nb5 Qd7 14. b4 a6
15. Nbc3 Nf5 16. Bxf5 Bxf5 17. Rc1 Re8 18. O-O Be4 19. Qf4 Qf7 20. f3 g5 21.
Qg4+ f5 22. fxe4 fxg4 23. Rxf7 gxh3 24. exd5 Nd8 25. Rf5 hxg2 26. Kxg2 Rhg8 27.
Rh1 Rg7 28. Rh5 Reg8 29. Ne4 g4 30. Rfg5 Nf7 31. Rxg7 Rxg7 32. Nf4 h6 33. Kg3
Nd6 34. Nxd6+ cxd6 35. Rxh6 Kc7 36. Ne6+ Kb6 37. Nxg7 Kb5 38. Rxd6 Kc4 39. Ne6
b5 40. Rxa6 Kxd5 41. Kxg4 1-0